| 000 | 00481nam a2200169Ia 4500 | ||
|---|---|---|---|
| 005 | 20260220130352.0 | ||
| 022 | _a3043-4491 | ||
| 050 | _aHT401 .N54/ | ||
| 245 | 0 | _aNigerian journal of rural sociology | |
| 250 | _aVol. 25, No. 1 | ||
| 260 | _aAbeokuta, Nigeria | ||
| 260 | _bThe Nigeria Rural Sociological Association | ||
| 260 | _c2025 | ||
| 300 | _a183 p. ; 29 cm. | ||
| 650 | _aSociology, Rural--Periodicals. Nigeria--Rural conditions--Periodicals. | ||
| 942 |
_cSR _2lcc |
||
| 999 |
_c44083 _d44083 |
||